banner-ar

الشعر العربى الحديث 1970-1800 تطوير اشكالة وموضوعاتة بتاثير الادب الغربى / (Record no. 31184)

MARC details
000 -الفاتح
حقل البيانات ثابتة الطول 00705nam a2200217Ia 4500
005 - وقت وتاريخ اخر تعامل مع التسجيلة
رقم الضبط 20240530102304.0
008 - عناصر البيانات ثابتة الطول - معلومات عامة
حقل البيانات ثابتة الطول 140319s9999 xx 000 0 ara d
040 ## - مصدر الفهرسة
وكالة الفهرسة الأصلية GCL /
وكالة النسخ GCL
082 04 - رقم تصنيف ديوى العشرى
رقم التصنيف 811.9
رقم المادة م ش
100 1# - المدخل الرئيسى - إسم شخصى
الإسم الشخصى موريه، س.
245 10 - بيان العنوان
العنوان الشعر العربى الحديث 1970-1800 تطوير اشكالة وموضوعاتة بتاثير الادب الغربى /
بيان المسئوليه,etc س. موريه
260 ## - PUBLICATION, DISTRIBUTION, ETC. (IMPRINT)
تاريخ النشر أو التوزيع 1986
300 ## - الوصف المادى
التعداد 508 ص
650 04 - المدخل الاضافى بالموضوع-مصطلح موضوعى
مصطلح موضوعي الشعر العربى
650 04 - المدخل الاضافى بالموضوع-مصطلح موضوعى
مصطلح موضوعي الادب العربى
650 04 - المدخل الاضافى بالموضوع-مصطلح موضوعى
مصطلح موضوعي تاريخ ونقد
700 1# - المدخل الاضافى - اسم شخصى
الإسم الشخصى شفيع السيد
700 1# - المدخل الاضافى - اسم شخصى
الإسم الشخصى سعد مصلوح
942 ## - عناصر المدخل الإضافي( كوها)
مصدر التصنيف او مخطط الترفيف Dewey Decimal Classification
Koha [default] item type كتاب
260 ## - PUBLICATION, DISTRIBUTION, ETC. (IMPRINT)
-- [S.N] :
-- دار الفكر العربى ،
Holdings
حالة التراجع حالة الفقد حالة تلف ليس للاعارة المكان المؤقت الموقع الحالى تاريخ الاكتساب اجمالي اﻻعارات رقم الطلب الباركود تاريخ اخر مشاهدة تاريخ تفعيل السعر نوع وعاء كوها
        مكتبة القاهرة الكبرى مكتبة القاهرة الكبرى 03/26/2014   811.9\م ش 72795 03/26/2014 03/26/2014 كتاب
        مكتبة القاهرة الكبرى مكتبة القاهرة الكبرى 03/26/2014   811.9\م ش 72796 03/26/2014 03/26/2014 كتاب

Powered By

EGPV